000 01418nam0a2200325 4500
001 RU\NLR\bibl\1360898
005 20250615183543.0
010 _a978-5-94856-400-5
_91000
021 _aRU
_b2009-15317
_9907
035 _a(nilc)RSL-KNO-004257913
035 _a(NLR Aleph) 001353073
090 _a933365
_c933365
100 _a20090311d2008 |||y0rusy50 ca
101 0 _arus
102 _aRU
105 _aa |||||||||
200 1 _aО моей жизни
_eзаписки ветерана УБХСС
_fД. Ю. Никитов
210 _aСанкт-Петербург
_cАстерион
_d2008
215 _a214, [1] с.
_cил., портр., цв. ил.
_d22
600 1 _aНикитов
_bД.Ю.
_f1929 - 2005
_gДанила Юрьевич
_jВоспоминания, записки и т.п.
_92552062
_3RU\NLR\auth\661510068
610 0 _aГосударство и право. Юридические науки -- Административное право -- СССР -- Управление в области внутренних дел -- Организация и деятельность милиции
686 _aХ621.163.1,0
_2rubbk
686 _aХ621.163.1,011
700 1 _aНикитов
_bД. Ю.
_gДанила Юрьевич
_4070
801 0 _aRU
_bРКП
_c20090311
_grcr
801 1 _aRU
_bРГБ
_c20090311
801 2 _aRU
_bNLR
_c20090422
_grcr
942 _cBOOK
980 _aNB